000
00265nam a2200121Ia 4500
008
190216s9999||||xx |||||||||||||| ||und||
100
_a
Ashitha
245
0
_a
Ashidayude Kathakal
260
_b
Dc Books Kottayam
300
_a
88
650
_a
Kathakal
942
_c
BK
999
_c
27661
_d
27661